LEADER 01369nam a2200289 u 4500 001 000000015699 003 CaOOAMICUS 005 20070226105917.0 008 940804s1956 fr cfh u000 u fre u 035 $a10366644 040 $aPUL(R)$bita 041 1 $afre$alat 100 1 $aFicino, Marsilio,$d1433-1499.$0(OLS)http://pul/name/13395 245 10$aCommentaire sur la Banquet de Platon /$cMarsile Ficin ; texte du manuscrit autographe présenté et traduit par Raymond Marcel. 260 $aParis :$bSociété d'édition " Les Belles lettres ",$c1956. 300 $a290, [1] c. di tav., [5] p. di tav. :$bant. (ritr.), facs. ;$c23 cm 490 1 $aLes classiques de l'humanisme.$aTextes ;$v2 500 $aTesto latino e trad. francese a fronte, con la stessa numerazione di pagina. 504 $aBibliografia in nota. 700 1 $aRaymond, Marcel,$d1897-$0(OLS)http://pul/name/10134 830 4$aLes classiques de l'humanisme.$pTextes ;$v2.$0(OLS)http://pul/title/20730 850 $aPUL 852 $aPUL$W1$xSL Filosofia 1$y2$m95 A 23$j22061$nBK-PRI$b $qStampati$B22061$CPULBib$Z2$F22061 $H $81 941 1 $a8 961 $aINV: 35632 996 $6245$aCommentaire sur la Banquet de Platon$9(OLS)http://pul/title/22491 996 $6260$aParis :$bSociété d'édition " Les Belles lettres "$9(OLS)http://pul/publisher/54798 LEADER 01260nam a2200289 u 4500 001 000000080223 003 CaOOAMICUS 005 20070226123625.0 008 040705s2001 enkab u000 u eng u 020 $a0826463398 035 $a11003002 040 $aPUL$bita 100 1 $aZevit, Ziony.$0(OLS)http://pul/name/52266 245 14$aThe religions of ancient Israel :$ba synthesis of parallactic approaches /$cZiony Zevit. 260 $aLondon :$bContinuum,$cc2001. 300 $axx, 821 p. :$bill., c. geogr. ;$c25 cm 500 $aComprende indici dei soggetti e degli autori. 504 $a"Bibliography": p. [694]-751. 650 4$aGiudaismo$xStoria.$0(OLS)http://pul/subject/76 651 4$aPalestina$xReligione.$0(OLS)http://pul/subject/23426 651 4$aPalestina$xAntichità.$0(OLS)http://pul/subject/16118 850 $aPUL 852 $aPUL$W1$xSL Religione 3$y85$m200. 933 ZEVZI 1$j102481$nBK-PRI$qDDC 21$B102481$CPULBib$Z2$F102481 $HPUL95798 $82 941 1 $a9 996 $6020$a0826463398$9(OLS)http://pul/number/105948 996 $6245$aThe religions of ancient Israel :$ba synthesis of parallactic approaches$9(OLS)http://pul/title/105085 996 $6260$aLondon :$bContinuum$9(OLS)http://pul/publisher/71390